000
00234nam a2200097Ia 4500
008
240331s9999 xx 000 0 und d
082
_b
GRI
100
_a
Griffiths, M
245
0
_a
Feminism and the self :
_b
the web of identity
942
_c
L
999
_c
1765
_d
1765